MARC

LEADER 00000nam0a2200000 4500
001 58420
005 20231031055047.0
010 |a 5900045463 
035 |a (RuTPU)RU\TPU\book\61703 
090 |a 58420 
100 |a 20031202d2003 m y0rusy50 ca 
101 0 |a rus 
102 |a RU 
105 |a y z 001zy 
200 1 |a Реклама на радио  |f В. В. Смирнов 
210 |a Москва  |c РИП-холдинг  |d 2003 
215 |a 129 с. 
225 1 |a Академия рекламы 
320 |a Библиогр.: с. 127-128 
451 1 |0 (RuTPU)RU\TPU\book\91411  |y 5-900045-46-3  |t Реклама на радио  |f В. В. Смирнов  |c М.  |n РИП-холдинг  |d 2004  |p 129 с.  |s Академия рекламы  |a Смирнов, Владислав Вячеславович 
610 1 |a реклама 
610 1 |a радиореклама 
610 1 |a радиовещание 
610 1 |a брэндинг 
610 1 |a рекламные компании 
610 1 |a рекламные блоки 
610 1 |a жанры 
675 |a 659  |v 3 
700 1 |a Смирнов  |b В. В.  |g Владислав Вячеславович 
801 1 |a RU  |b 63413507  |c 20031202  |g PSBO 
801 2 |a RU  |b 63413507  |c 20230502  |g PSBO 
900 |a Основы рекламы 
900 |a Разработка и технология производства рекламы 
900 |a Брэндинг 
900 |a История рекламы 
942 |c BK